| 000 | 00662nam a2200253 a 4500 | ||
|---|---|---|---|
| 003 | AR-BaBNM | ||
| 005 | 20251128203330.0 | ||
| 008 | 082120s2002 ||||||||||||||000 | spa|| | ||
| 040 | _cAR-BaBNM | ||
| 100 | 1 | _aNavarro Lamarca, Carlos | |
| 245 | 0 | 0 | _aApuntes de historia americana |
| 250 | _a36ª ed. | ||
| 260 |
_aBuenos Aires _bEstrada _c[19--] |
||
| 300 |
_a430 p. _bmapas |
||
| 500 | _aCarece de índice | ||
| 650 | 4 | _aPERIODO HISPANICO | |
| 650 | 4 | _aPERIODO INDEPENDIENTE | |
| 650 | 4 | _aHISTORIA POLITICA | |
| 650 | 4 | _aHISTORIA SOCIAL | |
| 650 | 4 | _aHISTORIA ECONOMICA | |
| 650 | 4 | _aHISTORIA POLITICA ARGENTINA | |
| 942 | _cBK | ||
| 998 | _cmariana | ||
| 999 |
_c2940 _d2940 |
||